Statistiken für Top 15 Länder mit Covid-19-Todesfällen - 29. September 2021

Klicken Sie hier um das Quiz zu spielen!

Allgemein

  • Dieses Quiz wurde 14 mal gespielt
  • Das Durchschnittsergebnis liegt bei 14 aus 25

Antwortstatistiken

Land% Korrekt
Deutschland
100%
Vereinigte Staaten
100%
Indien
93%
Russland
93%
Argentinien
86%
Brasilien
86%
Mexiko
86%
Frankreich
79%
Italien
79%
Kolumbien
71%
Vereinigtes Königreich
71%
Peru
64%
Indonesien
57%
Iran
57%
Tschechien
50%
Slowakei
43%
Ungarn
43%
Südafrika
36%
Slowenien
29%
Belgien
21%
Bosnien und
Herzegowina
21%
Bulgarien
21%
Paraguay
21%
Georgien
14%
Nordmazedonien
14%

Verteilung der Resultate

Perzentil nach korrekt beantworteten Fragen

Anzahl Personen mit jedem Resultat

Ihre Resultats-Entwicklung

Sie haben dieses Quiz noch nicht gespielt